States Mentioned in "Dani California" - Statistics

General Stats
  • This quiz has been taken 206 times
  • The average score is 6 of 7
Answer Stats
State % Correct
California
98%
Alabama
85%
Mississippi
85%
Louisiana
78%
Indiana
74%
North Dakota
72%
Minnesota
69%
No matching quizzes found
Score Distribution
Percent of People with Each Score
Percentile by Number Answered
Your Score History
You have not taken this quiz